[Event "BL 0405 SF Katernberg - SV Hofheim"]
[Site "?"]
[Date "2004.12.11"]
[Round "5.4"]
[White "Chuchelov, Vladimir"]
[Black "Krivoshey, Sergei"]
[Result "1/2-1/2"]
[WhiteElo "2571"]
[BlackElo "2499"]
[PlyCount "50"]
[EventDate "2004.??.??"]

1. Nf3 d5 2. d4 Nf6 3. c4 c6 4. Nc3 dxc4 5. a4 Bf5 6. e3 e6 7. Bxc4 Bb4 8. O-O
Nbd7 9. Qe2 Bg6 10. e4 O-O 11. Bd3 c5 12. e5 cxd4 13. Na2 Nd5 14. Bxg6 hxg6 15.
Nxb4 Nxb4 16. Ng5 Qc7 17. Bd2 Nd5 18. Rfe1 Qc2 19. Rad1 Rfe8 20. Qg4 Nf8 21.
Qf3 Qf5 22. Qg3 Qc2 23. Qf3 Qf5 24. Qg3 Qc2 25. Qf3 Qf5 1/2-1/2

[Event "BL 0405 SF Katernberg - SV Hofheim"]
[Site "?"]
[Date "2004.12.11"]
[Round "5.5"]
[White "Zude, Arno"]
[Black "Moreno Carnero, Javier"]
[Result "0-1"]
[WhiteElo "2398"]
[BlackElo "2512"]
[PlyCount "142"]
[EventDate "2004.??.??"]

1. e4 e6 2. d4 d5 3. e5 c5 4. c3 Qb6 5. Nf3 Nc6 6. a3 c4 7. Nbd2 Na5 8. Be2 Bd7
9. Rb1 Ne7 10. O-O Qc7 11. Re1 Nc8 12. Nf1 Nb6 13. Bf4 h6 14. h4 O-O-O 15. Bg3
Be7 16. N3d2 Rdg8 17. Bh5 g6 18. Bg4 h5 19. Bh3 g5 20. hxg5 Bxg5 21. Nf3 Bh6
22. Bh4 Ba4 23. Qe2 Nd7 24. Ne3 Kb8 25. Nd2 Nf8 26. Bf6 Rh7 27. Ndf1 Nc6 28.
Ng3 Bxe3 29. Qxe3 h4 30. Ne2 Nd7 31. Qf4 Nxf6 32. Qxf6 Rg6 33. Qf4 Bc2 34. Rbc1
Bd3 35. Qe3 Bxe2 36. Rxe2 Qd8 37. Kh2 Qg8 38. Rh1 Rg5 39. Qf4 Qg6 40. Rg1 a6
41. Qd2 Na5 42. Qc2 Qg8 43. Re3 Nb3 44. Rf3 Rh6 45. Rf4 Kc7 46. Qe2 Kd7 47. Qf3
Ke7 48. Rf6 Qg7 49. Rxh6 Qxh6 50. Qe3 Qh5 51. Rf1 Qg6 52. f4 Rg3 53. Rf3 Nd2
54. Qxd2 Rxf3 55. gxf3 Qg3+ 56. Kh1 Qxh3+ 57. Kg1 Qxf3 58. Kh2 Kf8 59. a4 b6
60. Qg2 Qxf4+ 61. Kh3 Qg3+ 62. Qxg3 hxg3 63. Kxg3 Kg7 64. Kf3 Kg6 65. Kg4 f6
66. exf6 Kxf6 67. Kf4 e5+ 68. dxe5+ Ke6 69. Kf3 Kxe5 70. Ke3 d4+ 71. cxd4+ Kd5
0-1

[Event "BL 0405 SF Katernberg - SV Hofheim"]
[Site "?"]
[Date "2004.12.11"]
[Round "5.6"]
[White "L'Ami, Erwin"]
[Black "Rechel, Bernd"]
[Result "1-0"]
[WhiteElo "2516"]
[BlackElo "2408"]
[PlyCount "73"]
[EventDate "2004.??.??"]

1. d4 Nf6 2. c4 g6 3. Nc3 Bg7 4. e4 d6 5. Nf3 O-O 6. Be2 e5 7. Be3 h6 8. O-O
Ng4 9. Bc1 Nc6 10. d5 Ne7 11. Ne1 h5 12. h3 Nh6 13. f4 exf4 14. Bxf4 f5 15. Qd2
Nf7 16. Nf3 fxe4 17. Nxe4 Nf5 18. Bd3 c6 19. dxc6 bxc6 20. Rad1 Qb6+ 21. c5
dxc5 22. Bc4 Ba6 23. Bxf7+ Rxf7 24. Neg5 Qxb2 25. Qxb2 Bxb2 26. Rfe1 Rf6 27.
Rd7 Bc4 28. Rb1 Bc3 29. Ne4 Bxa2 30. Rbb7 Ba1 31. Nxf6+ Bxf6 32. Be5 Bxe5 33.
Nxe5 Be6 34. Rdc7 a5 35. Nxg6 a4 36. Rh7 a3 37. Rh8# 1-0

[Event "BL 0405 SF Katernberg - SV Hofheim"]
[Site "?"]
[Date "2004.12.11"]
[Round "5.7"]
[White "Houska, Jovanka"]
[Black "Souleidis, Georgios"]
[Result "1/2-1/2"]
[WhiteElo "2298"]
[BlackElo "2401"]
[PlyCount "84"]
[EventDate "2004.??.??"]

1. e4 c5 2. Nc3 a6 3. g3 b5 4. Bg2 Bb7 5. d3 e6 6. f4 d5 7. Qe2 b4 8. Nd1 Nf6
9. exd5 Bxd5 10. Nf3 Be7 11. Ne3 O-O 12. Nxd5 exd5 13. O-O Re8 14. h3 Nc6 15.
Qf2 Nd7 16. Be3 Bf6 17. Ne5 Ndxe5 18. fxe5 Rxe5 19. Kh1 Qe7 20. Rae1 Re8 21.
Bd2 d4 22. Rxe5 Nxe5 23. Re1 h6 24. Bc6 Rc8 25. Bg2 Re8 26. Bc6 Rc8 27. Bg2 Qd6
28. Bf4 Re8 29. Re4 Re6 30. Qe2 g5 31. Bd2 Bd8 32. Qf2 Rf6 33. Qe1 Bc7 34. h4
Nf3 35. Bxf3 Rxf3 36. hxg5 hxg5 37. Rg4 f6 38. Qe8+ Qf8 39. Qg6+ Qg7 40. Qe8+
Qf8 41. Qg6+ Qg7 42. Qe8+ Qf8 1/2-1/2

[Event "BL 0405 SF Katernberg - SV Hofheim"]
[Site "?"]
[Date "2004.12.11"]
[Round "5.8"]
[White "Siebrecht, Sebastian"]
[Black "Zude, Erik Dr"]
[Result "1-0"]
[WhiteElo "2366"]
[BlackElo "2385"]
[PlyCount "103"]
[EventDate "2004.??.??"]

1. c4 g6 2. d4 Nf6 3. Nc3 Bg7 4. e4 d6 5. Nf3 O-O 6. h3 e5 7. d5 Na6 8. Bg5 h6
9. Be3 Nc5 10. Nd2 a5 11. g4 Bd7 12. Be2 c6 13. h4 a4 14. g5 hxg5 15. hxg5 Nh7
16. Rg1 cxd5 17. Nxd5 Bc6 18. Qc2 a3 19. b4 Ne6 20. Nf3 Bxd5 21. cxd5 Nd4 22.
Qd2 Qb6 23. Rd1 Qxb4 24. Qxb4 Nc2+ 25. Kd2 Nxb4 26. Rb1 Na6 27. Rxb7 Rfc8 28.
Bxa6 Rxa6 29. Rc1 Rxc1 30. Kxc1 f5 31. gxf6 Bxf6 32. Kc2 Bg7 33. Kd3 Ra8 34.
Ra7 Rxa7 35. Bxa7 Kf7 36. Kc4 Bh6 37. Kd3 Ke7 38. Be3 Bf4 39. Nd2 Nf6 40. Nc4
Bxe3 41. Kxe3 Nd7 42. Nxa3 Nb6 43. Kf3 Na4 44. Nb5 Kd7 45. Kg4 Nc5 46. f3 Nd3
47. a4 Nb2 48. a5 Nc4 49. a6 Kc8 50. Kg5 Kb8 51. Kxg6 Nd2 52. Nxd6 1-0

[Event "BL 0405 SV Mülheim Nord - SG Köln Porz"]
[Site "?"]
[Date "2004.12.11"]
[Round "5.1"]
[White "Lutz, Christopher"]
[Black "Landa, Konstantin"]
[Result "1/2-1/2"]
[WhiteElo "2596"]
[BlackElo "2571"]
[PlyCount "38"]
[EventDate "2004.??.??"]

1. e4 e5 2. Nf3 Nc6 3. Bb5 a6 4. Ba4 Nf6 5. O-O Nxe4 6. d4 b5 7. Bb3 d5 8. dxe5
Be6 9. Nbd2 Nc5 10. c3 d4 11. Bxe6 Nxe6 12. cxd4 Ncxd4 13. a4 Bc5 14. Nb3 Nxb3
15. Qxb3 O-O 16. axb5 Qb8 17. Be3 Bxe3 18. Qxe3 Qxb5 19. Nd4 Nxd4 1/2-1/2

[Event "BL 0405 SV Mülheim Nord - SG Köln Porz"]
[Site "?"]
[Date "2004.12.11"]
[Round "5.2"]
[White "Fridman, Daniel"]
[Black "Van Wely, Loek"]
[Result "1/2-1/2"]
[WhiteElo "2578"]
[BlackElo "2681"]
[PlyCount "49"]
[EventDate "2004.??.??"]

1. c4 Nf6 2. Nc3 e5 3. Nf3 Nc6 4. g3 Nd4 5. Bg2 Nxf3+ 6. Bxf3 Bb4 7. Qb3 Bc5 8.
Na4 Be7 9. O-O O-O 10. Rd1 c6 11. Nc3 Qb6 12. d3 d6 13. Qxb6 axb6 14. Be3 Bd8
15. b4 Ng4 16. Bd2 f5 17. b5 Bd7 18. a4 h6 19. Rdb1 g5 20. Bg2 Ra7 21. h3 Nf6
22. Be3 c5 23. Ra3 Be6 24. Bd2 Rf7 25. Rba1 1/2-1/2

[Event "BL 0405 SV Mülheim Nord - SG Köln Porz"]
[Site "?"]
[Date "2004.12.11"]
[Round "5.6"]
[White "Lytchak, Alexander Dr"]
[Black "Graf, Alexander"]
[Result "1-0"]
[WhiteElo "2436"]
[BlackElo "2646"]
[PlyCount "83"]
[EventDate "2004.??.??"]

1. d4 Nf6 2. Nf3 g6 3. g3 Bg7 4. Bg2 O-O 5. O-O d6 6. Nc3 Na6 7. Re1 c5 8. d5
Ng4 9. h3 Nh6 10. e4 f6 11. a4 Nf7 12. Nd2 Nc7 13. Nc4 b6 14. f4 Ba6 15. Ne3
Qd7 16. h4 f5 17. h5 Nh6 18. hxg6 hxg6 19. Bh3 Qe8 20. Ng2 Rd8 21. Nh4 Bc4 22.
Nb5 Nxb5 23. axb5 Rd7 24. exf5 gxf5 25. Re6 Rc7 26. Rxh6 Bxh6 27. Bxf5 e5 28.
Be6+ Kh7 29. b3 Bxb5 30. c4 Bd7 31. Qd3+ Kg7 32. Nf5+ Rxf5 33. Qxf5 Bxe6 34.
dxe6 Kg8 35. fxe5 Bg7 36. exd6 Bd4+ 37. Kg2 Rg7 38. Ra2 Qb8 39. Bf4 Qa8+ 40.
Qd5 Qd8 41. e7+ Kh7 42. exd8=Q 1-0

[Event "BL 0405 SV Mülheim Nord - SG Köln Porz"]
[Site "?"]
[Date "2004.12.11"]
[Round "5.7"]
[White "Gurevich, Mikhail"]
[Black "Hausrath, Daniel"]
[Result "1-0"]
[WhiteElo "2644"]
[BlackElo "2478"]
[PlyCount "113"]
[EventDate "2004.??.??"]

1. d4 g6 2. c4 Bg7 3. e4 d6 4. Nc3 Nf6 5. Nf3 O-O 6. Be2 c5 7. d5 e6 8. O-O Re8
9. h3 Na6 10. Bg5 h6 11. Be3 exd5 12. exd5 Bf5 13. Bd3 Ne4 14. Nxe4 Bxe4 15.
Bxe4 Rxe4 16. Qd3 f5 17. a3 Qf6 18. Rab1 Rae8 19. Bd2 Nb8 20. Qb3 Qf7 21. Rfe1
b6 22. Qa4 Qd7 23. Qc2 Qf7 24. Rxe4 Rxe4 25. b4 Nd7 26. a4 Qe8 27. a5 bxa5 28.
bxa5 g5 29. Rb7 g4 30. hxg4 fxg4 31. Rxd7 gxf3 32. Rd8 Qxd8 33. Qxe4 fxg2 34.
Kxg2 Kh8 35. Qe6 Qh4 36. Qc8+ Kh7 37. Qf5+ Kh8 38. Bf4 Qd8 39. a6 Qb6 40. Qc8+
Kh7 41. Qf5+ Kh8 42. Qc8+ Kh7 43. Qb7 Qb4 44. Bxd6 Qxc4 45. Bg3 Qd3 46. d6 c4
47. Qxa7 c3 48. Qc5 Qxa6 49. Qf5+ Kh8 50. Qd5 Bf6 51. Be5 Bxe5 52. Qxe5+ Kh7
53. Qe7+ Kg6 54. d7 Qc6+ 55. f3 c2 56. d8=Q c1=Q 57. Qg8+ 1-0

[Event "BL 0405 SV Mülheim Nord - SG Köln Porz"]
[Site "?"]
[Date "2004.12.11"]
[Round "5.8"]
[White "Kern, Guido"]
[Black "Hansen, Curt"]
[Result "1/2-1/2"]
[WhiteElo "2355"]
[BlackElo "2633"]
[PlyCount "67"]
[EventDate "2004.??.??"]

1. c4 e5 2. Nc3 Nf6 3. Nf3 Nc6 4. a3 g6 5. g3 Bg7 6. Bg2 O-O 7. d3 d6 8. O-O h6
9. b4 a6 10. Rb1 Be6 11. e4 Qd7 12. Nd5 Kh7 13. Bb2 Bg4 14. Ne3 Bh3 15. Re1
Bxg2 16. Kxg2 Rae8 17. Nh4 Qd8 18. Kh1 Ng8 19. Nhg2 Nge7 20. f4 f5 21. exf5
Nxf5 22. Nxf5 Rxf5 23. Ne3 Rf7 24. Nd5 exf4 25. Bxg7 Rxe1+ 26. Qxe1 Rxg7 27.
gxf4 Qf8 28. Qe4 Qf5 29. Re1 Qxe4+ 30. Rxe4 Rf7 31. Kg2 g5 32. fxg5 hxg5 33. d4
Kg6 34. h3 1/2-1/2

[Event "BL 0405 SV Hofheim - Hamburger SK"]
[Site "?"]
[Date "2004.11.28"]
[Round "4.1"]
[White "Gustafsson, Jan"]
[Black "Hickl, Joerg"]
[Result "1/2-1/2"]
[WhiteElo "2603"]
[BlackElo "2530"]
[PlyCount "115"]
[EventDate "2004.??.??"]

1. Nf3 d6 2. d4 Nf6 3. c4 Bf5 4. Nc3 g6 5. d5 Bg7 6. Nd4 Bd7 7. e4 e5 8. Nc2
O-O 9. Be2 a5 10. g4 Na6 11. h4 Nc5 12. Bf3 c6 13. h5 cxd5 14. cxd5 b5 15. g5
Nxh5 16. Bxh5 b4 17. Ne2 Nxe4 18. Bf3 Nxg5 19. Bg2 f5 20. f4 exf4 21. Ncd4 Qb6
22. Bxf4 Rae8 23. Kf1 Ne4 24. Qd3 Bc8 25. Qe3 Qc5 26. Ne6 Bxe6 27. dxe6 Rxe6
28. Bxe4 Qxe3 29. Bxe3 Rxe4 30. Bb6 Rfe8 31. Ng1 Bxb2 32. Rd1 a4 33. Nf3 a3 34.
Bd4 Rf4 35. Kf2 Bxd4+ 36. Rxd4 Rxd4 37. Nxd4 Re4 38. Rd1 Kg7 39. Kf3 h5 40. Nc2
Rc4 41. Ne3 Rc3 42. Rxd6 b3 43. axb3 Rxb3 44. Ra6 h4 45. Kf2 Rc3 46. Nd5 Rg3
47. Ne3 f4 48. Nc4 h3 49. Rxa3 Rxa3 50. Nxa3 g5 51. Nc4 Kf6 52. Nd2 g4 53. Nf1
Ke5 54. Nd2 Kf5 55. Kg1 f3 56. Nf1 Kf4 57. Kf2 h2 58. Ng3 1/2-1/2

[Event "BL 0405 SV Hofheim - Hamburger SK"]
[Site "?"]
[Date "2004.11.28"]
[Round "4.4"]
[White "Houska, Jovanka"]
[Black "Hansen, Sune Berg"]
[Result "0-1"]
[WhiteElo "2298"]
[BlackElo "2551"]
[PlyCount "108"]
[EventDate "2004.??.??"]

1. e4 c5 2. Nf3 d6 3. c3 Nf6 4. Be2 Bd7 5. d3 e6 6. O-O Be7 7. Re1 Bc6 8. Bf1
Nbd7 9. h3 O-O 10. Bg5 h6 11. Bf4 Re8 12. Nbd2 Bf8 13. a4 b6 14. d4 cxd4 15.
Nxd4 Bb7 16. Bg3 a6 17. Bd3 Nc5 18. Bc2 e5 19. N4b3 Ncd7 20. Nc4 Qc7 21. Nbd2
b5 22. Na3 Bc6 23. Bh4 Rab8 24. Rb1 d5 25. axb5 axb5 26. b4 g6 27. Qf3 Bg7 28.
exd5 Bxd5 29. Ne4 Nxe4 30. Bxe4 Bxe4 31. Qxe4 Qxc3 32. Red1 Nf8 33. Rd3 Qc8 34.
Rd5 Qa6 35. Qd3 Ne6 36. Bg3 Red8 37. Nc2 Qa2 38. Ne3 Rxd5 39. Nxd5 Rd8 40. Rd1
Nd4 41. Nc3 Qb3 42. Kh1 Rc8 43. Ne4 Qxd3 44. Rxd3 Rc1+ 45. Kh2 f5 46. Ra3 fxe4
47. Ra8+ Kf7 48. Ra7+ Kf6 49. Rxg7 Kxg7 50. Bxe5+ Kf7 51. Bxd4 Rc4 52. Be3 Rxb4
53. Bxh6 Rc4 54. Kg3 b4 0-1

[Event "BL 0405 SV Hofheim - Hamburger SK"]
[Site "?"]
[Date "2004.11.28"]
[Round "4.5"]
[White "Wahls, Matthias"]
[Black "Pirrot, Dieter"]
[Result "1-0"]
[WhiteElo "2551"]
[BlackElo "2398"]
[PlyCount "113"]
[EventDate "2004.??.??"]

1. c4 e5 2. g3 Nc6 3. Bg2 g6 4. Nc3 Bg7 5. e4 d6 6. d3 f5 7. Nge2 Nh6 8. h4 f4
9. gxf4 O-O 10. f3 Nf7 11. Nd5 Nb8 12. h5 c6 13. hxg6 hxg6 14. Ndc3 Be6 15.
fxe5 dxe5 16. Be3 Na6 17. Qd2 Qd7 18. O-O-O b5 19. Qe1 Rfd8 20. Qh4 Kf8 21. Qh7
bxc4 22. Qxg6 cxd3 23. Ng3 Nh8 24. Rxh8+ Bxh8 25. Rh1 Bg7 26. Rh7 Qf7 27. Rxg7
Qxg6 28. Rxg6 Kf7 29. Rg5 Rg8 30. Bf1 Nb4 31. Kd2 Nc2 32. Rxg8 Rxg8 33. Bf2 Nd4
34. Bxd3 Nxf3+ 35. Ke3 Nh2 36. Ke2 Bg4+ 37. Kd2 Nf3+ 38. Kc2 Nd4+ 39. Bxd4 exd4
40. Na4 Be6 41. Ne2 Rd8 42. Nc5 Kf6 43. Ba6 Bg4 44. Nc1 Rh8 45. N1d3 Be2 46.
Kb3 Rb8+ 47. Nb4 Bd1+ 48. Kc4 Be2+ 49. Kxd4 Rxb4+ 50. Kc3 Bxa6 51. Kxb4 Bc8 52.
Nd3 Ba6 53. Kc3 Ke7 54. Nb4 Bb7 55. Kd4 c5+ 56. Kxc5 Bxe4 57. Nc6+ 1-0

[Event "BL 0405 SV Hofheim - Hamburger SK"]
[Site "?"]
[Date "2004.11.28"]
[Round "4.6"]
[White "Zude, Erik Dr"]
[Black "Heinemann, Thies"]
[Result "1-0"]
[WhiteElo "2385"]
[BlackElo "2453"]
[PlyCount "77"]
[EventDate "2004.??.??"]

1. d4 Nf6 2. Nf3 g6 3. c4 c5 4. g3 cxd4 5. Nxd4 Nc6 6. Bg2 Bg7 7. O-O O-O 8.
Nc3 Nxd4 9. Qxd4 d6 10. Bg5 a6 11. Rac1 Rb8 12. Rfd1 h6 13. Bxf6 Bxf6 14. Qd2
Be6 15. Qxh6 Bxc4 16. Ne4 Bg7 17. Qh4 Bxa2 18. Ng5 Re8 19. Ra1 f6 20. Qh7+ Kf8
21. Rxa2 fxg5 22. Qxg6 e6 23. Ra3 Re7 24. Be4 Rf7 25. Qxe6 Bxb2 26. Rf3 Rxf3
27. Bxf3 Qf6 28. Qg4 b5 29. Bd5 Kg7 30. Qd7+ Kf8 31. Rd3 Qe7 32. Rf3+ Bf6 33.
Qf5 Kg7 34. Be4 Qf7 35. h4 gxh4 36. gxh4 Rh8 37. Bd5 Rh5 38. Rg3+ Kh6 39. Qf4+
1-0

[Event "BL 0405 SV Hofheim - Hamburger SK"]
[Site "?"]
[Date "2004.11.28"]
[Round "4.7"]
[White "Langrock, Hannes"]
[Black "Buchal, Stephan"]
[Result "1/2-1/2"]
[WhiteElo "2407"]
[BlackElo "2365"]
[PlyCount "25"]
[EventDate "2004.??.??"]

1. e4 g6 2. d4 Bg7 3. Nc3 d6 4. Be3 a6 5. Qd2 Nd7 6. a4 Ngf6 7. h3 O-O 8. Nf3
e5 9. dxe5 Nxe5 10. Nxe5 dxe5 11. Qxd8 Rxd8 12. Bc4 Bd7 13. Ke2 1/2-1/2

[Event "BL 0405 SV Hofheim - Hamburger SK"]
[Site "?"]
[Date "2004.11.28"]
[Round "4.8"]
[White "Burkart, Patrick"]
[Black "Sebastian, Dirk"]
[Result "0-1"]
[WhiteElo "2338"]
[BlackElo "2371"]
[PlyCount "100"]
[EventDate "2004.??.??"]

1. d4 g6 2. c4 Bg7 3. Nf3 d6 4. Nc3 Nf6 5. Bf4 O-O 6. e3 Nbd7 7. Be2 Nh5 8. Bg5
h6 9. Bh4 g5 10. Nd2 gxh4 11. Bxh5 Nf6 12. Bf3 Bf5 13. Bxb7 Rb8 14. Bf3 Rxb2
15. e4 Bg6 16. Nb3 c5 17. d5 Nd7 18. Qc1 Ne5 19. Be2 Rxe2+ 20. Kxe2 h3 21. Rg1
Qc8 22. f3 Nxc4 23. g4 Ne5 24. a4 Qb7 25. Qc2 Qb4 26. Nd2 Nxf3 27. Nxf3 Bxc3
28. Rac1 Bg7 29. Nd2 Qd4 30. Rg3 Rb8 31. Rb1 Rxb1 32. Qxb1 Qxa4 33. Qb3 Qa1 34.
Rxh3 Qe5 35. Qg3 Qg5 36. Qf3 Bd4 37. Qg2 h5 38. Ra3 hxg4 39. Rxa7 Bc3 40. Ra8+
Kg7 41. Ra2 Be5 42. Ra3 Qh5 43. Nf1 g3+ 44. Ke1 gxh2 45. Rh3 Bc3+ 46. Kf2 Qe5
47. Nxh2 Qd4+ 48. Ke2 Qd2+ 49. Kf3 Qd1+ 50. Qe2 Bxe4+ 0-1

[Event "BL 0405 SG Köln Porz - Preetzer TSV"]
[Site "?"]
[Date "2004.11.28"]
[Round "4.2"]
[White "Vaganian, Rafael A"]
[Black "Pedersen, Steffen"]
[Result "1-0"]
[WhiteElo "2640"]
[BlackElo "2441"]
[PlyCount "95"]
[EventDate "2004.??.??"]

1. d4 d5 2. c4 c6 3. Nc3 Nf6 4. e3 a6 5. Nf3 b5 6. b3 Bg4 7. Be2 e6 8. O-O Nbd7
9. h3 Bh5 10. Bb2 Qb8 11. Ne5 Bxe2 12. Qxe2 Nxe5 13. dxe5 Nd7 14. cxd5 cxd5 15.
Rfd1 Nxe5 16. e4 d4 17. Rxd4 Be7 18. Rdd1 O-O 19. Qe3 Ng6 20. Ne2 Rc8 21. Rac1
Rxc1 22. Rxc1 Qd8 23. f4 h6 24. g3 Rc8 25. Qd4 Rxc1+ 26. Nxc1 Qxd4+ 27. Bxd4
Nf8 28. Nd3 Nd7 29. Kf2 f5 30. Ke3 Kf7 31. a4 g5 32. fxg5 Bxg5+ 33. Kf3 bxa4
34. bxa4 Bd2 35. Be3 fxe4+ 36. Kxe4 Bxe3 37. Kxe3 e5 38. a5 Ke6 39. g4 Kf6 40.
h4 Ke6 41. Kf3 Kf6 42. Ke4 Ke6 43. g5 h5 44. Kf3 Kf5 45. Ke3 Kg4 46. Ke4 Kxh4
47. Kf5 e4 48. Nf4 1-0

[Event "BL 0405 SG Köln Porz - Preetzer TSV"]
[Site "?"]
[Date "2004.11.28"]
[Round "4.4"]
[White "Hansen, Curt"]
[Black "Skytte, Rasmus"]
[Result "1-0"]
[WhiteElo "2633"]
[BlackElo "2392"]
[PlyCount "101"]
[EventDate "2004.??.??"]

1. c4 b6 2. d4 Bb7 3. d5 e6 4. a3 Nf6 5. Nc3 exd5 6. cxd5 Bd6 7. Nf3 O-O 8. Bg5
Re8 9. e3 Na6 10. Bc4 Nc5 11. O-O Be7 12. Rc1 Nce4 13. Nxe4 Nxe4 14. Bf4 Bd6
15. Bxd6 Nxd6 16. Ba2 c5 17. b4 cxb4 18. axb4 a5 19. bxa5 Rxa5 20. Bb3 Qa8 21.
Qd4 Rb5 22. Ra1 Qb8 23. Nd2 Qc7 24. Rfc1 Rc5 25. Rxc5 Qxc5 26. Qxc5 bxc5 27.
Ra5 Ra8 28. Rxa8+ Bxa8 29. e4 Bb7 30. e5 c4 31. Nxc4 Ne4 32. Nb6 Nc5 33. Bc4
Kf8 34. f4 f6 35. Kf2 d6 36. exd6 Ne4+ 37. Ke3 Nxd6 38. Kd4 Ke7 39. Bd3 g6 40.
Kc5 Nf7 41. g3 Nd6 42. Nc4 Nxc4 43. Bxc4 Bc8 44. d6+ Kd8 45. Bg8 h5 46. Kd5 Bg4
47. Bf7 Bf5 48. Be6 Bc2 49. Kd4 Bd1 50. h3 Ke8 51. g4 1-0

[Event "BL 0405 SG Köln Porz - Preetzer TSV"]
[Site "?"]
[Date "2004.11.28"]
[Round "4.5"]
[White "Wisnewski, Christoph"]
[Black "Van den Doel, Erik"]
[Result "0-1"]
[WhiteElo "2392"]
[BlackElo "2560"]
[PlyCount "96"]
[EventDate "2004.??.??"]

1. e4 e5 2. Nc3 Nf6 3. Nf3 Nc6 4. a3 Be7 5. d4 exd4 6. Nxd4 d6 7. Be2 O-O 8.
O-O Re8 9. f4 Bf8 10. Bf3 Nxd4 11. Qxd4 Bg4 12. Bd2 Bxf3 13. Rxf3 c6 14. Be1
Qb6 15. Qxb6 axb6 16. Bf2 Nxe4 17. Nxe4 Rxe4 18. Bxb6 d5 19. Rd1 f5 20. g3 Kf7
21. Kf1 h6 22. Rb3 g5 23. Bc7 b5 24. Rc3 Ra6 25. Rf3 Ke6 26. Be5 Be7 27. c3 Ra8
28. Rd2 Rg8 29. Rdf2 h5 30. Bc7 g4 31. Rd3 h4 32. Be5 Rg6 33. Rg2 Rh6 34. Bd4
hxg3 35. hxg3 Rh1+ 36. Kf2 Rb1 37. Rd2 c5 38. Be5 Rh1 39. Rg1 Rh2+ 40. Rg2 Rh3
41. Re2 Bd8 42. b3 Rh1 43. Rxe4 fxe4 44. Rg1 e3+ 45. Kg2 Rxg1+ 46. Kxg1 Kf5 47.
Bd6 Bb6 48. Kf1 d4 0-1

[Event "BL 0405 SG Köln Porz - Preetzer TSV"]
[Site "?"]
[Date "2004.11.28"]
[Round "4.6"]
[White "Andersson, Ulf"]
[Black "Junge, Kai"]
[Result "1-0"]
[WhiteElo "2580"]
[BlackElo "2259"]
[PlyCount "79"]
[EventDate "2004.??.??"]

1. Nf3 Nf6 2. c4 g6 3. g3 Bg7 4. Bg2 O-O 5. O-O d6 6. Nc3 Nbd7 7. d4 e5 8. e4
exd4 9. Nxd4 Re8 10. h3 a6 11. b3 Rb8 12. Rb1 c5 13. Nc2 b5 14. Re1 bxc4 15.
Qxd6 cxb3 16. axb3 Re6 17. Qd1 Bb7 18. Bf4 Ne5 19. Nd5 Ne8 20. Qd2 Bc6 21. Na3
Nd6 22. Red1 Nb5 23. Nxb5 Bxb5 24. Bh6 Bxh6 25. Qxh6 Nc6 26. Rbc1 Nd4 27. Rxc5
Nxb3 28. Rc7 Qf8 29. Qe3 Bc6 30. Qc3 Bxd5 31. exd5 Reb6 32. Re1 Qb4 33. Qxb4
Rxb4 34. Ree7 Rf8 35. d6 Rd4 36. d7 Kg7 37. h4 h5 38. Bh3 Rd8 39. Re8 Rd1+ 40.
Kg2 1-0

[Event "BL 0405 SG Köln Porz - Preetzer TSV"]
[Site "?"]
[Date "2004.11.28"]
[Round "4.7"]
[White "Willsch, Matthias"]
[Black "Kengis, Edwin"]
[Result "0-1"]
[WhiteElo "2250"]
[BlackElo "2543"]
[PlyCount "48"]
[EventDate "2004.??.??"]

1. d4 e6 2. c4 b6 3. e4 Bb7 4. Bd3 Nc6 5. Ne2 Nb4 6. Nbc3 Nxd3+ 7. Qxd3 d6 8.
O-O Ne7 9. d5 Qd7 10. f4 g6 11. Be3 Bg7 12. Bd4 e5 13. Be3 f5 14. Ng3 O-O 15.
exf5 Nxf5 16. Nxf5 Qxf5 17. Qd2 Ba6 18. b3 Qg4 19. Rac1 exf4 20. Rxf4 Rxf4 21.
Bxf4 Re8 22. h3 Qh4 23. Rf1 g5 24. Bxg5 Qd4+ 0-1

[Event "BL 0405 SG Köln Porz - Preetzer TSV"]
[Site "?"]
[Date "2004.11.28"]
[Round "4.8"]
[White "Van der Wiel, John T.H"]
[Black "Marxen, Peter Dr"]
[Result "1-0"]
[WhiteElo "2493"]
[BlackElo "2212"]
[PlyCount "90"]
[EventDate "2004.??.??"]

1. e4 e6 2. d4 d5 3. Nd2 c5 4. Ngf3 Nc6 5. exd5 exd5 6. Bb5 Bd6 7. dxc5 Bxc5 8.
O-O Nge7 9. Nb3 Bd6 10. Bg5 O-O 11. c3 Bg4 12. Be2 h6 13. Bh4 Qc7 14. Bg3 Rad8
15. Nfd4 Bxe2 16. Qxe2 Bxg3 17. hxg3 Nxd4 18. Nxd4 Rfe8 19. Qc2 Nc6 20. Rad1
Re4 21. Nf3 Qe7 22. Rd2 b5 23. Rfd1 Qc5 24. a3 a5 25. Nd4 Nxd4 26. Rxd4 Rxd4
27. Rxd4 a4 28. Qd2 Rd7 29. g4 Rd8 30. g3 f6 31. Qd3 Qc6 32. Qf5 Kh8 33. Kg2
Qd6 34. Qg6 Qe6 35. Qd3 Qc6 36. Rb4 Rb8 37. Kh2 Kg8 38. b3 axb3 39. a4 Qc5 40.
Kg2 Rc8 41. axb5 Qxc3 42. Qxd5+ Kh8 43. Rxb3 Qe1 44. Ra3 Qb4 45. Ra8 Qxg4 1-0

[Event "BL 0405 SF Katernberg - Solinger SG"]
[Site "?"]
[Date "2004.11.28"]
[Round "4.3"]
[White "Hoffmann, Michael"]
[Black "Glek, Igor V"]
[Result "1/2-1/2"]
[WhiteElo "2468"]
[BlackElo "2580"]
[PlyCount "91"]
[EventDate "2004.??.??"]

1. d4 Nf6 2. c4 g6 3. Nc3 Bg7 4. e4 d6 5. Be2 O-O 6. Nf3 Na6 7. O-O c6 8. Bf4
Nd7 9. Qd2 e5 10. Bh6 Qe7 11. Bxg7 Kxg7 12. Rad1 Re8 13. a3 Nf6 14. b4 Bg4 15.
h3 Bxf3 16. Bxf3 exd4 17. Qxd4 Qe5 18. b5 Nc5 19. bxc6 bxc6 20. Qxd6 Rab8 21.
Qxe5 Rxe5 22. Rb1 Rbe8 23. Rfd1 h5 24. h4 R8e7 25. Rb8 Nfxe4 26. Nxe4 Nxe4 27.
Rc8 Rc5 28. Rd4 Nc3 29. Kh2 Re6 30. Rc7 Ra5 31. Rf4 Rf6 32. Rxf6 Kxf6 33. Rxc6+
Ke5 34. Rc7 Ke6 35. c5 Rxa3 36. c6 Nb5 37. Rd7 Nd6 38. Rd8 Rc3 39. Ra8 Nb5 40.
Re8+ Kf6 41. Rd8 Rc5 42. g3 a5 43. Kg2 Ke5 44. Re8+ Kd6 45. Rd8+ Ke5 46. Re8+
1/2-1/2

[Event "BL 0405 SF Katernberg - Solinger SG"]
[Site "?"]
[Date "2004.11.28"]
[Round "4.4"]
[White "Chuchelov, Vladimir"]
[Black "Werle, Jan"]
[Result "1-0"]
[WhiteElo "2571"]
[BlackElo "2457"]
[PlyCount "129"]
[EventDate "2004.??.??"]

1. Nf3 Nf6 2. c4 b6 3. g3 Bb7 4. Bg2 e6 5. O-O Be7 6. Nc3 O-O 7. Re1 d5 8. cxd5
exd5 9. d4 Na6 10. Bf4 c5 11. dxc5 Nxc5 12. Rc1 Nce4 13. Be5 Bc5 14. Bd4 Qe7
15. e3 Rfd8 16. a3 Qe8 17. b4 Bf8 18. Qd3 Rac8 19. Rc2 Qd7 20. Rec1 h6 21. Qf1
Qe8 22. Bh3 Rc4 23. Qe1 Bd6 24. Nh4 Be5 25. Nxe4 Nxe4 26. Nf3 Bxd4 27. Nxd4 Qe5
28. Bf1 Rxc2 29. Rxc2 Rc8 30. Qc1 Rxc2 31. Qxc2 g6 32. Qa4 Qf6 33. f3 Ng5 34.
Bg2 Qe7 35. Kf2 a6 36. Qc2 Kg7 37. Qc3 Kh7 38. h4 Ne6 39. Nxe6 fxe6 40. Qe5 Bc6
41. Bh3 Bd7 42. Qc7 b5 43. f4 Kg7 44. Qe5+ Kf7 45. Qh8 h5 46. Bf1 Qf6 47. Qxf6+
Kxf6 48. Bd3 Be8 49. e4 Ke7 50. Ke3 Kd6 51. Kd4 Bf7 52. Bb1 Be8 53. Bc2 Bf7 54.
a4 bxa4 55. Bxa4 Ke7 56. exd5 exd5 57. Bc2 Kd6 58. Bd3 Be8 59. Bxa6 Bd7 60. Bd3
Be8 61. Bc2 Bf7 62. Ba4 Be6 63. Be8 Bf5 64. Bf7 Be4 65. b5 1-0

[Event "BL 0405 SF Katernberg - Solinger SG"]
[Site "?"]
[Date "2004.11.28"]
[Round "4.5"]
[White "Ernst, Sipke"]
[Black "Smagin, Sergey"]
[Result "0-1"]
[WhiteElo "2521"]
[BlackElo "2565"]
[PlyCount "134"]
[EventDate "2004.??.??"]

1. Nf3 d5 2. d4 e6 3. c4 Nd7 4. Nc3 Ngf6 5. Bg5 c6 6. e3 Qa5 7. cxd5 Nxd5 8.
Qd2 Bb4 9. Rc1 O-O 10. a3 Bxc3 11. bxc3 f6 12. Bh4 Qxa3 13. Bd3 Ne7 14. Qc2 g6
15. e4 Qa5 16. O-O Qd8 17. e5 fxe5 18. Qa2 Nf6 19. dxe5 Nfd5 20. Qa3 Rf7 21. c4
Nf4 22. Rfd1 Qf8 23. Bf1 h6 24. Rd2 Kh7 25. Bf6 Ng8 26. Qe3 Nxf6 27. exf6 Rxf6
28. Rcd1 Nd5 29. cxd5 exd5 30. Re1 Bf5 31. Nd4 Bd7 32. Qg3 Qd6 33. Qb3 b6 34.
h4 Re8 35. Ra1 Qc7 36. Qc3 a5 37. h5 gxh5 38. Nf3 Qd6 39. Rb1 b5 40. Qxa5 Rxf3
41. gxf3 Rg8+ 42. Kh1 Qf4 43. Qb4 Qg5 44. Bd3+ Kh8 45. Qd4+ Rg7 46. Qxg7+ Kxg7
47. Re2 Kf6 48. Re3 Qf4 49. Be2 b4 50. Ra1 Qd4 51. Ra8 Qh4+ 52. Kg1 Qg5+ 53.
Kh2 b3 54. Ra7 Qf4+ 55. Kg2 b2 56. Rb7 Bh3+ 57. Kxh3 b1=Q 58. Rxb1 Qf5+ 59. Kg2
Qg6+ 60. Kh2 Qxb1 61. Rc3 Qb6 62. Kg2 c5 63. Rc2 Ke5 64. Rd2 Qg6+ 65. Kh2 Qg5
66. Ra2 c4 67. Ra8 Kd4 0-1